000 00622nam a22001937a 4500
005 20250506121342.0
010 _aENG-121306 ENG_144826
020 _c400.00
_a9788176506267
035 _aEN-104838
035 _aEN-128358
037 _bDBAD/PUB
082 _a954.56
100 _aPanda, Sanjay Kumar
_981018
245 _aMaking one plus one eleven :
_cby S.K.Panda
_bsome innovative experiences of Tripura /
260 _aNew Delhi
_bStar Publications
_c2015
270 _a4/5B, Asaf Ali Road,
_bNew Delhi
_e110002
300 _axvii, 225 p. :
_c23 cm (Hb)
_bill.
942 _2ddc
_cEN
_h954.56
_mPAN
999 _c147296
_d147296